| 000 | 00438nab a2200145Ia 4500 | ||
|---|---|---|---|
| 003 | ES-SlBCS | ||
| 005 | 20210601130448.0 | ||
| 008 | 140529s1960 xxu||||| |||| 00| 0 fre d | ||
| 041 | _afre | ||
| 100 | 1 |
_aMoreau, Joseph _919057 |
|
| 245 | 0 | 0 |
_aPhénoménologie et idéalisme _c Joseph Moreau |
| 650 | 0 | 4 |
_aFenomenología-Idealismo _9173290 |
| 773 | 0 |
_tGiornali di Metafisica _gvol. 15, nº. 5, 1960, págs. 557-575 _w0017-0372 |
|
| 942 | _cAR | ||
| 999 |
_c547098 _d547098 |
||